Human geography : (Record no. 542404)
[ view plain ]
| 000 -LEADER | |
|---|---|
| fixed length control field | 00718cam a2200205 a 4500 |
| 020 ## - INTERNATIONAL STANDARD BOOK NUMBER | |
| International Standard Book Number | 0697384977 |
| 082 00 - DEWEY DECIMAL CLASSIFICATION NUMBER | |
| Classification number | 304.221 |
| Author Mark | FEL |
| -- | N-01,P-156 |
| 100 1# - MAIN ENTRY--PERSONAL NAME | |
| Personal name | Fellmann, Jerome Donald, |
| 9 (RLIN) | 37553 |
| 245 10 - TITLE STATEMENT | |
| Title | Human geography : |
| Remainder of title | landscapes of human activities / |
| Statement of responsibility, etc. | Jerome D. Fellmann, Arthur Getis, Judith Getis. |
| 250 ## - EDITION STATEMENT | |
| Edition statement | 5th ed. |
| 260 ## - PUBLICATION, DISTRIBUTION, ETC. | |
| Place of publication, distribution, etc. | Islamabad. : |
| Name of publisher, distributor, etc. | National Book Foundationl, |
| Date of publication, distribution, etc. | c1999. |
| 300 ## - PHYSICAL DESCRIPTION | |
| Extent | x, 566 p. : |
| Other physical details | ill. (some col.), maps (some col.) ; |
| Dimensions | 28 cm. |
| 526 ## - STUDY PROGRAM INFORMATION NOTE | |
| Program name | 0 |
| Interest level | 0 |
| Reading level | 0 |
| Title point value | 304_221000000000000_FEL |
| 526 ## - STUDY PROGRAM INFORMATION NOTE | |
| Program name | 0 |
| Interest level | 0 |
| Reading level | 0 |
| Title point value | 304_221000000000000_FEL |
| 650 #0 - SUBJECT ADDED ENTRY--TOPICAL TERM | |
| Topical term or geographic name entry element | Human geography. |
| 9 (RLIN) | 13071 |
| 650 #0 - SUBJECT ADDED ENTRY--TOPICAL TERM | |
| Topical term or geographic name entry element | NUST |
| 9 (RLIN) | 6342 |
| 700 1# - ADDED ENTRY--PERSONAL NAME | |
| Personal name | Getis, Arthur, |
| 9 (RLIN) | 37554 |
| 700 1# - ADDED ENTRY--PERSONAL NAME | |
| Personal name | Getis, Judith, |
| 9 (RLIN) | 37555 |
| 942 ## - ADDED ENTRY ELEMENTS (KOHA) | |
| Source of classification or shelving scheme | |
| Koha item type | Book |
| Withdrawn status | Lost status | Source of classification or shelving scheme | Damaged status | Not for loan | Permanent Location | Current Location | Date acquired | Total Checkouts | Full call number | Barcode | Date last seen | Date last checked out | Price effective from | Koha item type |
|---|---|---|---|---|---|---|---|---|---|---|---|---|---|---|
| Military College of Engineering (MCE) | Military College of Engineering (MCE) | 11/26/2013 | 1 | 304.221 FEL | MCE-39168 | 06/23/2017 | 05/22/2017 | 11/26/2013 | Book | |||||
| Military College of Engineering (MCE) | Military College of Engineering (MCE) | 11/26/2013 | 304.221 FEL | MCE-39169 | 11/26/2013 | 11/26/2013 | Book |
